El cuento detrás del cuento : historias de dos comunidades vinculadas a través de los objetos de madera /

Entrevistas a aserradores, carpinteros y artesanos de dos comunidades de Michoacán, Villa Madero y Cuanajo; estos testimonios presentan una visión de conjunto de la economía, la cultura y la historia social de estas dos comunidades en las últimas décadas del siglo XX y primeras del XXI. Los objetos...

תיאור מלא

שמור ב:
מידע ביבליוגרפי
מחבר ראשי: Martínez González, Mercedes (coordinación)
פורמט: ספר
שפה:ספרדית
יצא לאור: Morelia, México : UNAM, Laboratorio Nacional de Materiales Orales, 2021, c2021
נושאים:
תגים: הוספת תג
אין תגיות, היה/י הראשונ/ה לתייג את הרשומה!

MARC

LEADER 00000nam^a2200000^a^4500
001 000438223
005 20250521000000.0
009 20260310123239.83
020 |a 978-607-30-4302-1 
037 |a Acervo ITESO - Biblioteca 
041 |a ESP 
082 |a 305. 9674  |b MAR 
100 |a Martínez González, Mercedes  |e (coordinación) 
245 1 3 |a El cuento detrás del cuento :  |b historias de dos comunidades vinculadas a través de los objetos de madera /  |c Coord. de M. Martínez González. 
264 4 |a Morelia, México :  |b UNAM, Laboratorio Nacional de Materiales Orales,  |c 2021, c2021 
300 |a 71 p. 
336 |a texto  |b txt  |2 rdacontenido 
337 |a sin mediación  |b n  |2 rdamedio 
338 |a volumen  |b nc  |2 rdasoporte 
520 |a Entrevistas a aserradores, carpinteros y artesanos de dos comunidades de Michoacán, Villa Madero y Cuanajo; estos testimonios presentan una visión de conjunto de la economía, la cultura y la historia social de estas dos comunidades en las últimas décadas del siglo XX y primeras del XXI. Los objetos de madera son el punto de unión, testimonio del trabajo y de creación artística; de ellos han vivido las familias de quienes fueron entrevistados. En sus narraciones se descubre la memoria social, algunos cuentos populares y el funcionamiento de un tejido social que permite el desarrollo económico y cultural de estos pueblos michoacanos. En esta obra se incluyen, además de los textos de los diálogos, algunas imágenes e interpretaciones del material presentado. 
521 |a FIL 2021 DIA 
649 |a XX 
650 |a Carpinteros y Ebanistas -  |z Michoacán -  |x Condiciones Sociales y Culturales 
650 |a Artesanos -  |z Michoacán -  |x Condiciones Sociales y Culturales 
650 |a Artesanía 
650 |a Madera 
650 |a Realidad Aumentada 
650 |a Tecnología y Sociedad 
650 |a Cuentos Mexicanos 
650 |a Literatura Mexicana -  |y Siglo XXI 
650 |a Literatura y Sociedad -  |z México 
650 |a Prácticas Culturales -  |z Michoacán 
650 |a Memoria Social -  |x Tema Principal 
650 |a Historia Oral -  |x Tema Principal 
650 |a Villa Madero, Michoacán -  |x Condiciones Económicas 
650 |a Villa Madero, Michoacán -  |x Condiciones Sociales y Culturales 
650 |a Cuanajo, Michoacán -  |x Condiciones Económicas 
650 |a Cuanajo, Michoacán -  |x Condiciones Sociales y Culturales 
650 |a Michoacán -  |x Condiciones Económicas 
650 |a Michoacán -  |x Condiciones Sociales y Culturales 
650 |a México -  |x Condiciones Económicas 
650 |a México -  |x Condiciones Sociales y Culturales 
910 |a Fondo General 
920 |a Impresos - Libros 
930 |a Colección General 
905 |a 101 
901 |a 0500350598  |b IT1  |c ACC  |i C176460  |u 20250521 
902 |a https://opac.biblio.iteso.mx/vufind/Record/000438223